000 01202nam a2200289 a 4500
001 BRCA_8369
005 20190320210242.0
008 300714m18971908au-a###f##---#001-0#ger-#
041 _ager
044 _aau
050 4 _aNC85
_b.S36 1897
100 1 _aSchönbrunner, Ios
_920970
245 1 0 _aHandzeichnungen alter meister aus der Albertina
_bund anderen sammlungen
_cherausgegeben von Ios Schönbrunner.
260 _aViena
_bGerlach & Schenk
_c1897-1908
300 _a4 v.
_bil., láminas
_c42 cm.
500 _aCuatro ejemplares consecutivos inventariados como un solo libro por el Banco de México
500 _aIncluye índice onomástico y tabla de materias
500 _aEn v.3 falta la lámina 729, en v.4 faltan láminas 1085 y 1092
500 _aR107
505 0 _av.1 Erster band: láminas 1-359.-- v.2 Vierter band: láminas 360-718.-- v.3 Siebenter band: láminas 719-1078.-- Neunter band: láminas 1079-
610 2 4 _aMuseo de la Albertina
_vMaestros antiguos
_zViena, Austria
_920971
650 1 4 _aDibujos
_xColecciones
_920972
650 1 4 _aGrabados
_xColecciones
_920973
650 1 4 _aArtistas gráficos
_xGalerías y museos
_zAustria
_920974
902 _aGFM
942 _2lcc
_cB
999 _c8037
_d8037